Resistencia de materiales

Gardado en:
Detalles Bibliográficos
Autor Principal: Ortiz Berrocal, Luis
Formato: Libro
Idioma:Spanish
Publicado: Madrid : Mc Graw Hill
Edición:2
Materias:
Etiquetas: Engadir etiqueta
Sen Etiquetas, Sexa o primeiro en etiquetar este rexistro!

MARC

LEADER 00000nam a2200000Ia 4500
003 000165
005 20221231144014.0
008 140114s2002 sp a 000 | spa d
040 |c cru CEDI 
082 |a 620.11 O77r2 
100 |a Ortiz Berrocal, Luis  |9 19559 
245 |a Resistencia de materiales  
250 |a 2 
260 |a Madrid : Mc Graw Hill 
300 |a xviii, 838 páginas ; ilustraciones  
650 |x RESISTENCIA DE MATERIALES  |9 19560 
942 |2 ddc  |c BK 
999 |c 15514  |d 15514